| 000 | 00345nam a2200145Ia 4500 | ||
|---|---|---|---|
| 008 | 150201s2009 xx 000 0 und d | ||
| 082 |
_a617.3 _bC2009B |
||
| 100 | _aBROTZMAN | ||
| 245 | _aCLINICAL ORTHOPAEDICS REHABILITATION | ||
| 250 | _a2ND | ||
| 260 |
_bMOSBY _aDELHI _c2009 |
||
| 300 | _a1-652 | ||
| 650 | _aPHYSIOTHERAPY | ||
| 942 |
_2ddc _cBK |
||
| 999 |
_c4313 _d4313 |
||